| 000 | 01176nab a2200193 i 4500 | ||
|---|---|---|---|
| 001 | 768714001 | ||
| 003 | CO-MdFUSB | ||
| 005 | 20240506111938.0 | ||
| 008 | 240502t1966 sp ||||| |||| 00| 0 spa d | ||
| 040 |
_bspa _cCO-MdFUSB _dCO-MdFUSB |
||
| 041 | _aspa | ||
| 100 |
_aLecuyer, Joseph, _eautor |
||
| 245 | 1 | 3 |
_aLa asamblea litúrgica : _bfundamentos bíblicos y patrísticos _c/ Joseph Lecuyer |
| 520 | _aLa Constitución de la Santa Liturgia reflexiona sobre el papel tradicional de esta asamblea en la vida de la Iglesia. Demostrar que la enseñanza del Concilio Vaticano II está en total armonía con la tradición más auténtica de la Iglesia, no es un ejercicio inútil ya que se basa únicamente en las Escrituras. Por tanto, en este artículo se examina primero los datos de estos últimos, y en la segunda parte resume las conclusiones que de ellos extrajo la tradición cristiana más antigua. | ||
| 650 | 7 |
_aLiturgia _9206 |
|
| 773 | 0 |
_049450 _982570 _oR2502 _tRevista internacional de teología Concilium _w(CO-MdFUSB)8 _x0210-1041 _gNúmero 12, (febrero, 1966), páginas: 163 - 181 _qpágina: 163 |
|
| 942 | _cANA | ||
| 945 | _aCatherine Arias Álvarez practicante SENA | ||
| 999 |
_c69482 _d69482 |
||